000 00584nam a2200205Ia 4500
005 20250508162016.0
008 008 250505s9999 xx 000 0 eng d
020 _a92-3-101225-8
037 _aTextual
040 _aFEDL
_beng
_cFEDL
041 _aeng
_2eng
084 _a370.9598, UNE
_qFEDL
245 0 _aEducational innovation in Indonesia
260 _aParis, France
_bThe UNESCO Press
_c1975
300 _a50p.
490 _aExperiments And Innovations In Education
650 _aEducation
942 _cTEXL
_h370.9598, UNE
999 _c1373801
_d1373801